| 000 | 00512nam a2200193 a 4500 | ||
|---|---|---|---|
| 001 | 38 | ||
| 003 | CO-ViMGA | ||
| 008 | 141112s2004 ck r 000 u spa d | ||
| 040 |
_aCO-ViMGA _bspa _cCO-ViMGA |
||
| 082 | 0 | 4 | _a749.7 G67 |
| 100 | 1 |
_aGotz, Susanne _947745 |
|
| 245 | 1 | 0 |
_aCómo enmarcar cuadros / _cSusanne Gotz |
| 260 |
_aBarcelona : _bCeac, _c1987 |
||
| 300 | _a48 p : il | ||
| 490 | _aCómo hacerlo, 45 | ||
| 650 | 1 | 4 |
_aMANUALES DE HAGALO USTED MISMO _947746 |
| 650 | 1 | 4 | _aMARQUETERIA |
| 942 |
_2ddc _cBK |
||
| 999 |
_c12291 _d12291 |
||